[Event "Novosibirsk op"]
[Site "Novosibirsk"]
[Date "2001.07.27"]
[Round "9"]
[White "Abashev, Denis"]
[Black "Grachev, Jury"]
[Result "1-0"]
[WhiteElo "2395"]
[BlackElo "2380"]
[PlyCount "68"]
[EventDate "2001.07.18"]
[EventType "swiss"]
[EventRounds "11"]
[EventCountry "RUS"]
[SourceTitle "CBM 083 Extra"]
[Source "ChessBase"]
[SourceDate "2001.09.11"]
[SourceVersion "1"]
[SourceVersionDate "2001.09.11"]
[SourceQuality "1"]

1. e4 e5 2. Nf3 Nc6 3. Bb5 a6 4. Ba4 d6 5. Bxc6+ bxc6 6. d4 exd4 7. Nxd4 Bd7 8. 0-0 Nf6 9. Nc3 Be7 10. Qf3 0-0 11. e5 Ng4 12. Nxc6 Nxe5 13. Nxe5 dxe5 14. Rd1 Qe8 15. Qg3 f6 16. Bh6 Rf7 17. Nd5 Bd8 18. Be3 Rb8 19. b3 c6 20. Nc3 Bf5 21. Na4 Bxc2 22. Rdc1 Bg6 23. Qf3 e4 24. Qe2 Rb5 25. Qc4 Rh5 26. Bf4 Bf5 27. Qxc6 Bd7 28. Qa8 g5 29. Bd6 f5 30. Rc5 Rh6 31. Rd1 e3 32. Re5 exf2+ 33. Kxf2 Be6 34. Bc7 Rd7 1-0

[Event "Novosibirsk op"]
[Site "Novosibirsk"]
[Date "2001.07.26"]
[Round "8"]
[White "Bocharov, Dmitry"]
[Black "Abashev, Denis"]
[Result "1/2-1/2"]
[WhiteElo "2385"]
[BlackElo "2395"]
[PlyCount "71"]
[EventDate "2001.07.18"]
[EventType "swiss"]
[EventRounds "11"]
[EventCountry "RUS"]
[SourceTitle "CBM 083 Extra"]
[Source "ChessBase"]
[SourceDate "2001.09.11"]
[SourceVersion "1"]
[SourceVersionDate "2001.09.11"]
[SourceQuality "1"]

1. d4 Nf6 2. Nf3 g6 3. c4 Bg7 4. g3 0-0 5. Bg2 d6 6. 0-0 Nc6 7. Nc3 a6 8. d5 Na5 9. b3 c5 10. dxc6 bxc6 11. Bd2 Rb8 12. Qc1 c5 13. Bh6 Nc6 14. Rd1 Qa5 15. Bxg7 Kxg7 16. h3 Bb7 17. g4 Nb4 18. g5 Ne4 19. Nh2 Nxc3 20. Qxc3+ Kg8 21. Ng4 h5 22. gxh6 f6 23. Qe3 Qc7 24. a3 Nc6 25. Rab1 a5 26. Rb2 Kh7 27. Qg3 Nd4 28. e3 Nf5 29. Qf4 Bxg2 30. Kxg2 Qc6+ 31. Kg1 a4 32. b4 cxb4 33. Rxb4 Rxb4 34. axb4 e5 35. b5 Qb7 36. Qh2 1/2-1/2

[Event "Novosibirsk op"]
[Site "Novosibirsk"]
[Date "2001.07.24"]
[Round "6"]
[White "Abashev, Denis"]
[Black "Pak, Kil En"]
[Result "1/2-1/2"]
[WhiteElo "2395"]
[BlackElo "2213"]
[PlyCount "31"]
[EventDate "2001.07.18"]
[EventType "swiss"]
[EventRounds "11"]
[EventCountry "RUS"]
[SourceTitle "CBM 083 Extra"]
[Source "ChessBase"]
[SourceDate "2001.09.11"]
[SourceVersion "1"]
[SourceVersionDate "2001.09.11"]
[SourceQuality "1"]

1. e4 c5 2. Nf3 d6 3. d4 cxd4 4. Nxd4 Nf6 5. Nc3 Nc6 6. Bg5 Qb6 7. Nb3 e6 8. Qd2 a6 9. 0-0-0 Qc7 10. f4 b5 11. Bd3 Be7 12. Kb1 0-0 13. g4 b4 14. Ne2 a5 15. Rhg1 a4 16. Nbc1 1/2-1/2

[Event "Novosibirsk op"]
[Site "Novosibirsk"]
[Date "2001.07.19"]
[Round "1"]
[White "Chernoev, Yakov"]
[Black "Abashev, Denis"]
[Result "0-1"]
[WhiteElo "2128"]
[BlackElo "2395"]
[PlyCount "40"]
[EventDate "2001.07.18"]
[EventType "swiss"]
[EventRounds "11"]
[EventCountry "RUS"]
[SourceTitle "CBM 083 Extra"]
[Source "ChessBase"]
[SourceDate "2001.09.11"]
[SourceVersion "1"]
[SourceVersionDate "2001.09.11"]
[SourceQuality "1"]

1. c4 Nf6 2. Nf3 g6 3. Nc3 Bg7 4. e4 0-0 5. d3 c5 6. Bd2 Nc6 7. Rb1 e6 8. Be3 b6 9. Be2 d5 10. cxd5 exd5 11. Bg5 d4 12. Nd5 Be6 13. Nxf6+ Bxf6 14. Bxf6 Qxf6 15. b3 a5 16. 0-0 a4 17. bxa4 Nb4 18. a3 Na2 19. Rxb6 Nc3 20. Qd2 Rxa4 0-1

[Event "RUS-Cup"]
[Site "Moscow"]
[Date "2000.??.??"]
[Round "6"]
[White "Abashev, Denis"]
[Black "Yevseev, Denis"]
[Result "1-0"]
[WhiteElo "2389"]
[BlackElo "2496"]
[PlyCount "61"]
[EventDate "2000.??.??"]
[EventType "swiss"]
[EventRounds "9"]
[EventCountry "RUS"]
[SourceTitle "EXT 2001"]
[Source "ChessBase"]
[SourceDate "2000.11.22"]
[SourceVersion "1"]
[SourceVersionDate "2000.11.22"]
[SourceQuality "1"]

1. e4 c6 2. d4 d5 3. exd5 cxd5 4. c4 Nf6 5. Nc3 g6 6. cxd5 Nxd5 7. Qb3 Nb6 8. Nf3 Bg7 9. Bb5+ Bd7 10. Ne5 0-0 11. Nxd7 N8xd7 12. 0-0 Nf6 13. a4 Nc8 14. a5 a6 15. Be2 Nd6 16. Bf4 Rb8 17. Rfd1 b6 18. axb6 Rxb6 19. Qa3 Nb5 20. Nxb5 axb5 21. Qc5 Ne4 22. Qc2 Nd6 23. Ra7 Nf5 24. Be5 e6 25. Qc5 Bxe5 26. dxe5 Qb8 27. Rdd7 h5 28. h3 Kg7 29. b4 Nh6 30. Bf3 Rd8 31. Rdc7 1-0

[Event "RUS-Cup03 Geller Memorial"]
[Site "Moscow"]
[Date "1999.02.14"]
[Round "5"]
[White "Abashev, Denis"]
[Black "Goletiani, Rusudan"]
[Result "0-1"]
[WhiteElo "2455"]
[BlackElo "2310"]
[PlyCount "76"]
[EventDate "1999.02.10"]
[EventType "swiss"]
[EventRounds "9"]
[EventCountry "RUS"]
[SourceTitle "CBM 070"]
[Source "ChessBase"]
[SourceDate "1999.06.08"]
[SourceVersion "1"]
[SourceVersionDate "1999.06.08"]
[SourceQuality "1"]

1. e4 c5 2. Nf3 e6 3. Nc3 a6 4. d4 cxd4 5. Nxd4 Qc7 6. Be3 Nf6 7. Bd3 Bd6 8. h3 b5 9. a3 Be7 10. f4 d6 11. 0-0 0-0 12. g4 Nfd7 13. g5 Re8 14. f5 Ne5 15. f6 Bf8 16. fxg7 Bxg7 17. Qh5 Nbc6 18. Nxc6 Qxc6 19. Rf4 Re7 20. Rh4 Kf8 21. Rf1 Ng6 22. Qxh7 Nxh4 23. Qxh4 Bb7 24. g6 Ke8 25. Bg5 f6 26. Rxf6 Bxf6 27. Bxf6 Qc5+ 28. Kh1 Rc7 29. Qg4 Kd7 30. Nd5 Bxd5 31. exd5 Qxd5+ 32. Be4 Qc4 33. Bxa8 Qf1+ 34. Kh2 Rxc2+ 35. Bg2 Qxf6 36. h4 Rc4 37. Qf3 Rxh4+ 38. Kg1 Qd4+ 0-1